| 000 | 00579nam a22001937a 4500 | ||
|---|---|---|---|
| 003 | UA-OsUOA | ||
| 001 | 11517 | ||
| 007 | ta | ||
| 008 | 20050324b un ||||| |||| 00| 0 ukr d | ||
| 100 | _aКоваленко М.А. | ||
| 700 | _aЛобанова Н.В. | ||
| 942 | _cSA | ||
| 040 |
_aUA-OsUOA _cUA-OsUOA _dUA-OsUOA |
||
| 245 | _aОцінка ефективності санації підприємств. | ||
| 300 | _aС.147-151 | ||
| 955 | _a0 | ||
| 773 | 0 |
_w0 _tФінанси України _dКиїв _d2005 _g№3 |
|
| 650 | 7 |
_aУправління економікою _2UDC |
|
| 999 |
_c297678 _d297678 |
||